<?xml version="1.0" encoding="UTF-8"?>
<record
    xmlns:xsi="http://www.w3.org/2001/XMLSchema-instance"
    xsi:schemaLocation="http://www.loc.gov/MARC21/slim http://www.loc.gov/standards/marcxml/schema/MARC21slim.xsd"
    xmlns="http://www.loc.gov/MARC21/slim">

  <leader>01838nab a2200253 ab4500</leader>
  <controlfield tag="005">20260519122532.0</controlfield>
  <controlfield tag="008">260519c2025    mx|fr|p|o|||| 00| 0 spa d</controlfield>
  <datafield tag="040" ind1=" " ind2=" ">
    <subfield code="a">MX-MxUPN</subfield>
    <subfield code="b">spa</subfield>
    <subfield code="c">MX-MxUPN</subfield>
    <subfield code="e">aacr2</subfield>
  </datafield>
  <datafield tag="100" ind1="1" ind2=" ">
    <subfield code="a">Cort&#xE9;s Renter&#xED;a, Luis Ricardo </subfield>
    <subfield code="9">59568</subfield>
  </datafield>
  <datafield tag="100" ind1="1" ind2=" ">
    <subfield code="a">Mej&#xED;a Rosales, Nadia Patricia </subfield>
    <subfield code="9">59569</subfield>
  </datafield>
  <datafield tag="100" ind1="1" ind2=" ">
    <subfield code="a">Garc&#xED;a Ar&#xE1;mbula, Noel Silvestre</subfield>
    <subfield code="9">43138</subfield>
  </datafield>
  <datafield tag="100" ind1="1" ind2=" ">
    <subfield code="a">Barraza Barraza, Diana </subfield>
    <subfield code="9">59570</subfield>
  </datafield>
  <datafield tag="245" ind1="1" ind2=" ">
    <subfield code="a">Construcci&#xF3;n y Validaci&#xF3;n de la Escala de Riesgo del Abandono Escolar Institucional (ERAEI)</subfield>
    <subfield code="h">[recurso electr&#xF3;nico en l&#xED;nea]</subfield>
  </datafield>
  <datafield tag="506" ind1="0" ind2=" ">
    <subfield code="a">Acceso abierto</subfield>
  </datafield>
  <datafield tag="520" ind1="3" ind2=" ">
    <subfield code="a">Esta investigaci&#xF3;n tuvo como objetivo dise&#xF1;ar y proporcionar evidencia de validez de contenido de un instrumento capaz de identificar el riesgo de abandono escolar universitario debido a factores institucionales. Se emple&#xF3; una metodolog&#xED;a de enfoque cuantitativo, a trav&#xE9;s de encuesta, con un dise&#xF1;o correlacional, y alcance descriptivo. El instrumento final, dise&#xF1;ado tras un proceso de validaci&#xF3;n y evaluaci&#xF3;n por jueces, qued&#xF3; integrado por 34 &#xED;tems que abarcan factores como lo organizacional y lo acad&#xE9;mico. Los resultados del pilotaje, realizado con una muestra de 176 estudiantes, arrojaron un alfa de Cronbach general de 0.965, as&#xED; como evidencia de validez de contenido y de constructo, lo que confirma que el instrumento es altamente confiable para medir el fen&#xF3;meno de inter&#xE9;s.</subfield>
  </datafield>
  <datafield tag="650" ind1=" " ind2="4">
    <subfield code="a">Instituciones de educaci&#xF3;n superior</subfield>
    <subfield code="9">17975</subfield>
  </datafield>
  <datafield tag="650" ind1=" " ind2="0">
    <subfield code="a">Estudiantes universitarios </subfield>
    <subfield code="9">9298</subfield>
  </datafield>
  <datafield tag="653" ind1=" " ind2=" ">
    <subfield code="a">Abandono escolar institucional</subfield>
  </datafield>
  <datafield tag="653" ind1=" " ind2=" ">
    <subfield code="a">Organizaci&#xF3;n institucional</subfield>
  </datafield>
  <datafield tag="773" ind1=" " ind2=" ">
    <subfield code="g">Vol. 16, no.  25 (2025), p. 11-20</subfield>
    <subfield code="t">Investigaci&#xF3;n educativa duranguense</subfield>
    <subfield code="x">2007-039X</subfield>
  </datafield>
  <datafield tag="856" ind1="4" ind2=" ">
    <subfield code="u">https://editorialupd.mx/revistas/index.php/ined/article/view/237</subfield>
  </datafield>
  <datafield tag="902" ind1=" " ind2=" ">
    <subfield code="a">Gloria Jim&#xE9;nez/190526</subfield>
  </datafield>
  <datafield tag="942" ind1=" " ind2=" ">
    <subfield code="c">ART-E</subfield>
  </datafield>
  <datafield tag="952" ind1=" " ind2=" ">
    <subfield code="0">0</subfield>
    <subfield code="1">0</subfield>
    <subfield code="4">0</subfield>
    <subfield code="7">0</subfield>
    <subfield code="8">CAA</subfield>
    <subfield code="a">BCUPN50</subfield>
    <subfield code="b">BCUPN50</subfield>
    <subfield code="c">ENL</subfield>
    <subfield code="d">2026-05-19</subfield>
    <subfield code="l">0</subfield>
    <subfield code="r">2026-05-19 12:22:48</subfield>
    <subfield code="u">https://editorialupd.mx/revistas/index.php/ined/article/view/237</subfield>
    <subfield code="w">2026-05-19</subfield>
    <subfield code="y">ART-E</subfield>
  </datafield>
  <datafield tag="999" ind1=" " ind2=" ">
    <subfield code="c">215132</subfield>
    <subfield code="d">215132</subfield>
  </datafield>
</record>
